Teachers helping teachers : peer observation and assistance
Αποθηκεύτηκε σε:
| Κύριος συγγραφέας: | |
|---|---|
| Άλλοι συγγραφείς: | , |
| Μορφή: | Βιβλίο |
| Γλώσσα: | English |
| Δημοσίευση: |
New York :
Praeger,
1991
|
| Θέματα: | |
| Ετικέτες: |
Προσθήκη ετικέτας
Δεν υπάρχουν, Καταχωρήστε ετικέτα πρώτοι!
|
MARC
| LEADER | 00000nam a2200000 i 4500 | ||
|---|---|---|---|
| 001 | 1/94999 | ||
| 008 | 991202s1991 eng d | ||
| 020 | |a 0-275-93884-0 | ||
| 035 | |l 10055095 | ||
| 040 | |a GR-MY-UA |b gre |e aacr | ||
| 041 | 0 | |a eng | |
| 082 | 0 | |a 371.148 | |
| 100 | 1 | |a Willerman, Marvin. | |
| 245 | 1 | 0 | |a Teachers helping teachers : |b peer observation and assistance / |c Marvin Willerman, Sharon L. McNeeley, Elaine Cooper Koffman |
| 260 | |a New York : |b Praeger, |c 1991 | ||
| 300 | |a 180 p. | ||
| 650 | 0 | 0 | |a Observation (Educational method) |
| 650 | 0 | 0 | |a Teaching teams |z United States. |
| 650 | 0 | 0 | |a Group work in education. |
| 650 | 0 | 0 | |a Teaching. |
| 700 | 1 | |a McNeely, Sharon Lynn. | |
| 700 | 1 | |a Koffman, Elaine Cooper. | |
| 852 | |a INST |b RHODES |e 19991202 |h 371.148 WIL |p 005400012930 |q 005400012930 |t BK |y 0 | ||
| 901 | |a BIBL4-1999-3 | ||
| 909 | |a Ρ |b 070604 | ||
| 922 | |a 4ΕΛΗ |b 199911 |c ΚΠΣ/154 |d GLORY BOOKS | ||
| 970 | |a ΚΟΥΛΑΚΙΟΤΗ |b ΛΙΤΣΑ |z 1999/12/02 | ||